Pomoc pri riadení zmien IMP ponúka organizačnú pomoc a konzultačné služby
Úloha poradenských inštitúcií pri riadení podnikov a trhu. Inštitúcie patriace k členským poradenským firmám Slovenskej asociácie pre poradenstvo v riadení (SAPR). Činnosť Inštitútu manažérskeho poradenstva (IMP). Pomoc domácim i zahraničným firmám. Príprava manažérov.
Enregistré dans:
| Auteur principal: | |
|---|---|
| Format: | Chapitre de livre |
| Langue: | slovaque |
| Sujets: | |
| Tags: |
Pas de tags, Soyez le premier à ajouter un tag!
|
MARC
| LEADER | 00000naa a2200000 4500 | ||
|---|---|---|---|
| 001 | r017270 | ||
| 005 | 20221213100535.2 | ||
| 041 | 0 | |a slo | |
| 044 | |a SK | ||
| 245 | 1 | 0 | |a Pomoc pri riadení zmien |b IMP ponúka organizačnú pomoc a konzultačné služby |c Ivan Polakovič |
| 520 | |a Úloha poradenských inštitúcií pri riadení podnikov a trhu. Inštitúcie patriace k členským poradenským firmám Slovenskej asociácie pre poradenstvo v riadení (SAPR). Činnosť Inštitútu manažérskeho poradenstva (IMP). Pomoc domácim i zahraničným firmám. Príprava manažérov. | ||
| 610 | 2 | 0 | |a služby poradenské |
| 610 | 2 | 0 | |a služby pre podniky |
| 610 | 2 | 0 | |a SAPR |
| 610 | 2 | 0 | |a Inštitút manažérskeho poradenstva Bratislava |
| 610 | 2 | 0 | |a poradenstvo |
| 610 | 2 | 0 | |a konzultanti |
| 610 | 2 | 0 | |a riadenie |
| 610 | 2 | 0 | |a manažéri |
| 100 | 1 | |a Polakovič, Ivan | |